Statistiques concernant Focus sur: Golfimbul - Tolkien

Cliquez ici pour prendre le quiz!

Statistiques générales

  • Ce quiz a été pris 4 fois
  • Le résultat moyen est 5 sur 6

Statistiques - réponses

Informations recherchéesRéponses% Correct
Première apparitionLe Seigneur des Anneaux: Le Retour du Roi
100%
EspèceOrque
100%
Profession et titreRoi des gobelins
100%
Age durant lequel il vécutTroisième
100%
ContréeMontagnes de Brume
50%
MontMont Gram
0%

Distribution des résultats

Percentile par nombre de réponses

% des personnes avec chaque résultat

Votre développement - résultats

Vous n’avez pas pris ce quiz